000 00361nam a2200133Ia 4500
008 151001s9999||||xx |||||||||||||| ||und||
100 _aबा ब देवधर
245 _aनिमाइ भगवान भाग ३ रा
250 _a1
260 _bबापू बळवंत देवधर
260 _c1914
300 _a72
365 _b7.5
999 _c954081
_d954078